000 01960nam0a2200361 4500
001 RU\NLR\bibl\473493
005 20260409071244.0
010 _a5-94692-755-8
_95000
021 _aRU
_b2003-63696
_93125
035 _a(NLR Aleph) 000466580
090 _a967133
_c967133
100 _a20030530d2004 |||y0rusy50 ca
101 0 _arus
102 _aRU
105 _ay |||||||||
200 1 _aКомментарий к Федеральному закону "Об адвокатской деятельности и адвокатуре"
_eС прил.
_fА.П. Гуляев, К.Е. Ривкин, О.В. Сарайкина, С.М. Юдушкин
210 _aМ.
_cЭкзамен
_d2004
215 _a350 с.
_d22
300 _aНа обороте тит. л. авт.: А.П. Гуляев - Засл. юрист РФ, д.ю.н., проф., К.Е. Ривкин - к.ю.н., доц., С.М. Юдушкин - Засл. юрист РСФСР, к.ю.н.
320 _aБиблиогр. в подстроч. примеч.
606 _aАдвокатура
_yРоссийская Федерация
_jЗаконодательные материалы
_jКомментарии
_3RU\NLR\auth\66538462
_91300309
606 _aАдвокатура
_yРоссийская Федерация
_jЗаконодательные материалы
_jКомментарии
_3RU\NLR\auth\66538462
_91300309
686 _aХ629.08-39(2Р)
701 1 _aГуляев
_bА. П.
_gАнатолий Петрович
_4070
701 1 _aРивкин
_bК. Е.
_gКонстантин Евгеньевич
_4070
701 1 _aСарайкина
_bО. В.
_gОксана Викторовна
_4070
701 1 _aЮдушкин
_bС. М.
_gСтанислав Маркович
_4070
742 1 _aРоссийская Федерация
_tЗаконы
_3RU\NLR\AUTH\883331
_9277893
801 0 _aRU
_bNLR
_c20031218
_gPSBO
801 1 _aRU
_bNLR
_c20031218
942 _cBOOK
980 _aNB